| 000 | 00410nam a2200181Ia 4500 | ||
|---|---|---|---|
| 005 | 20250423095010.0 | ||
| 008 | 250422s9999 xx 000 0 und d | ||
| 020 | _a0-465-09820-7 | ||
| 050 | _aJC573.2.U6F78 | ||
| 100 | _aDavid Frum | ||
| 245 | 0 | _aDead Right | |
| 260 | _aNew York | ||
| 260 | _bBasic Book | ||
| 260 | _c1994 | ||
| 300 | _a219 p | ||
| 650 | _aConservatism - United States | ||
| 942 | _cBK | ||
| 999 |
_c28932 _d28932 |
||